[Event "Rheinland Pfalz op 5th"]
[Site "Worms"]
[Date "2013.06.01"]
[Round "5"]
[White "Fell, Fabian"]
[Black "Gaul, Richard"]
[Result "1-0"]
[WhiteElo "1856"]
[BlackElo "1528"]
[PlyCount "77"]
[EventDate "2013.05.30"]
[EventType "swiss"]
[EventRounds "7"]
[EventCountry "GER"]
[SourceTitle "EXT 2014"]
[Source "ChessBase"]
[SourceDate "2013.11.20"]
[SourceVersion "1"]
[SourceVersionDate "2013.11.20"]
[SourceQuality "1"]

1. e4 d5 2. exd5 Nf6 3. d4 Nxd5 4. Nf3 Bg4 5. c4 Nf6 6. Nc3 c6 7. Be2 e6 8. 0-0 Bd6 9. Bg5 h6 10. Bh4 g5 11. Bg3 Nh5 12. d5 Nf4 13. dxe6 Bxe6 14. Qd4 Ke7 15. Rfe1 Nxe2+ 16. Rxe2 Bxg3 17. Rxe6+ fxe6 18. Qg7+ Ke8 19. Qxh8+ Ke7 20. Qxd8+ Kxd8 21. hxg3 Ke7 22. Ne5 Nd7 23. Nxd7 Kxd7 24. Ne4 b6 25. f3 Ke7 26. Kf2 Rd8 27. Ke2 Rd4 28. b3 e5 29. Rd1 Ke6 30. Rxd4 exd4 31. b4 Ke5 32. g4 b5 33. cxb5 cxb5 34. g3 Kd5 35. Kd3 Ke5 36. Nd2 Kd5 37. Nb3 Ke5 38. Nxd4 Kd5 39. Nxb5 1-0